000 00336nam a2200097Ia 4500
008 220120s9999||||xx |||||||||||||| ||und||
100 _aJoseph Kiran, A
_912096
245 0 _aModeling prediction and controle of radiation elimeter by di
260 _aCoorg Institute of Technology
_bPonnampet
_c2007
650 _aELECTRONICS AND COMMUNICATIONS
999 _c137681
_d137681